Vyhlásenie krajskej konferencie Združenia katolíckeho duchovenstva v Košiciach zo dňa 20. júna 1979

Bibliographic Details
Format: Article
Language:Slovak
Subjects:

MARC

LEADER 00000nab a2200000 a 4500
001 vtls000034076
003 SK-MaSNL
005 20260305030656.0
008 140328c1979 xo 0 slo
015 |a SNBRB19rr/mm-uuuuu 
035 |a CL0044170 
040 |a SNKBUCL  |b slo  |c SNKBUCL  |e AACR2 
041 0 |a slo 
044 |a xo  |c SK 
080 |a 22/28  |2 1981 
245 0 0 |a Vyhlásenie krajskej konferencie Združenia katolíckeho duchovenstva v Košiciach zo dňa 20. júna 1979 
610 2 7 |a Katolícka cirkev  |2 snkbucl  |9 206702 
651 7 |a Východoslovenský kraj (Slovensko)  |2 snkbucl  |9 161537 
655 7 |a články z novín a časopisov  |2 snkbucl  |9 267496 
773 0 |t Duchovný pastier  |g Roč. 60, č. 7 (1979), s. 309-310 
850 |a Slovenská národná knižnica v Martine  |a MTA001 
852 |a SNK  |b KIS3GCP 
957 |a 5403 
958 |a RK 
992 |a RBX 
999 |c 3312721  |d 3314651